| 000 | 00931nam a2200265 i 4500 | ||
|---|---|---|---|
| 001 | 50675 | ||
| 003 | ES-MaACL | ||
| 005 | 20260303141307.0 | ||
| 007 | t| | ||
| 008 | 030806s1982 sp |||| | spa d | ||
| 080 | _a338:68(460.313 La Pobla del Duc) | ||
| 080 | _a338:63(460.313 Fortaleny) | ||
| 100 | 1 |
_aCucó, Josepa, _d1950- _9162074 |
|
| 245 | 1 | 3 |
_aLa tierra como motivo _b: jornaleros y propietarios en dos pueblos valencianos / _cJosepa Cucó. |
| 260 |
_aValencia : _bInstitució Alfons el Magnànim, _c[1982] |
||
| 300 |
_a336 p. ; _c21 cm. |
||
| 490 | 1 |
_aCol·lecció politècnica (Valencia) ; _v4 |
|
| 500 | _aÍndice. | ||
| 504 | _aBibliografía. p. 321-336. | ||
| 650 | 4 |
_aAgricultura- _zValencia (Provincia) _9162073 |
|
| 710 | 2 |
_aInstitució Alfons el Magnànim _9173001 |
|
| 830 | 0 |
_aCol·lecció politècnica (Valencia) ; _v4 _9230141 |
|
| 852 |
_aES-MaACL _jL-3125 |
||
| 999 |
_c50675 _d50675 |
||